|
|
|
|
| LEADER |
00000nab a2200000 ar4500 |
| 001 |
vtls009088173 |
| 003 |
SK-MaSNL |
| 005 |
20260426055306.0 |
| 008 |
070821c2007 xo mr|p|||||||000 b|slo |
| 015 |
|
|
|a SNBRB2007/08
|2 snkbucl
|
| 038 |
|
|
|a SNKBUCL
|
| 040 |
|
|
|a SNKBUCL
|b slo
|c SNKBUCL
|e AACR2
|
| 041 |
0 |
|
|a slo
|
| 044 |
|
|
|a xo
|c SK
|
| 080 |
|
|
|a 792.9(437.6)
|2 1997
|
| 100 |
1 |
|
|a Benešová, Viera
|4 aut
|9 496105
|
| 245 |
1 |
0 |
|a So zatajeným dychom-
|b bábkarstvo v Novom Meste nad Váhom
|c Viera Benešová
|
| 300 |
|
|
|b Fotogr.
|
| 650 |
0 |
7 |
|a bábkarstvo (divadelné umenie)
|2 snkbucl
|9 173302
|
| 651 |
|
7 |
|a Nové Mesto nad Váhom (Slovensko)
|2 snkbucl
|9 28941
|
| 773 |
0 |
|
|t Národná osveta
|g Roč. XVII, č. 6-7 (2007), s. 33
|x 1335-4515
|
| 852 |
|
|
|a SNK
|b KIS3GCP
|
| 958 |
|
|
|a SK
|
| 999 |
|
|
|c 2178115
|d 2180045
|